Private provision of infrastructure: the Channel Tunnel project (Record no. 20855)
[ view plain ]
| 000 -LEADER | |
|---|---|
| fixed length control field | 00993cab a2200193 4500 |
| 001 - CONTROL NUMBER | |
| control field | ABS41579 |
| 008 - FIXED-LENGTH DATA ELEMENTS--GENERAL INFORMATION | |
| fixed length control field | 090401t1989 xxu||||| |||| 00| 0 eng d |
| 035 ## - SYSTEM CONTROL NUMBER | |
| System control number | (Sirsi) u31011 |
| 041 ## - LANGUAGE CODE | |
| Language code of text/sound track or separate title | eng |
| 100 ## - MAIN ENTRY--PERSONAL NAME | |
| Personal name | Vickerman, R. |
| 245 ## - TITLE STATEMENT | |
| Title | Private provision of infrastructure: the Channel Tunnel project |
| 260 ## - PUBLICATION, DISTRIBUTION, ETC. | |
| Date of publication, distribution, etc. | 1989 |
| 350 ## - PRICE (NR) (BK AM CF MU VM SE) [OBSOLETE] | |
| Price | 0 |
| 490 ## - SERIES STATEMENT | |
| Series statement | Local Economy |
| Volume/sequential designation | 4(2) August 1989, 132-142(6) |
| 520 ## - SUMMARY, ETC. | |
| Summary, etc. | Reflects on lessons to be learnt from the Channel Tunnel project in terms of the use of private sector funding for major projects and the methods used for appraisal. Draws specific implications for local authorities about this method of providing transport infrastructure . Concludes that the private financing route has probably been successful in this case but that there are problems to be addressed before applying this model of finance to other projects. References (Taken from Journal Abstract) |
| 690 ## - LOCAL SUBJECT ADDED ENTRY--TOPICAL TERM (OCLC, RLIN) | |
| Topical term or geographic name as entry element | PLANNING LAW AND PRACTICE |
| 942 ## - ADDED ENTRY ELEMENTS (KOHA) | |
| Suppress in OPAC | 0 |
| 948 ## - LOCAL PROCESSING INFORMATION (OCLC); SERIES PART DESIGNATOR (RLIN) | |
| c (OCLC) | 04/03/1997 |
| Withdrawn status | Lost status | Source of classification or shelving scheme | Damaged status | Not for loan | Home library | Current library | Shelving location | Date acquired | Total Checkouts | Full call number | Barcode | Date last seen | Copy number | Price effective from | Koha item type |
|---|---|---|---|---|---|---|---|---|---|---|---|---|---|---|---|
| Dewey Decimal Classification | London | London | Journal article | 14/09/1999 | ABS41579 | 31011-1001 | 06/08/2019 | 1 | 06/08/2019 | Journal article |